NCAAM Basketball Logo Quiz: Southland - Statistics

General Stats
  • This quiz has been taken 165 times
    64 since last reset
  • The average score is 9 of 12
Answer Stats
Picture Answer % Correct
McNeese
96%
Stephen F. Austin
92%
Texas A&M-Corpus Christi
86%
UT Rio Grande Valley
82%
Lamar
78%
Incarnate Word
73%
Nicholls
71%
Northwestern St.
67%
New Orleans
65%
SE Louisiana
61%
Houston Christian
59%
East Texas A&M
49%
No matching quizzes found
Score Distribution
Percent of People with Each Score
Percentile by Number Answered
Your Score History
You have not taken this quiz since the last reset